000 01072nam a22002777a 4500
003 dpl
005 20180830154758.0
008 180830b xxu||||| |||| 00| 0 eng d
010 _aA-952053
020 _c100.00
035 _aA-952053, A-922194
037 _bCen Lib/Ret
040 _aDPL
_bHN
_c0
082 _a
_bश्रीवास्त
100 _aश्रीवास्तव, लखनदेव
_95721
245 _aकस्तूरी /
_cलखनदेव श्रीवास्तव
246 _aKasturi /
_bby Lakhan Dev Shrivastava
260 _aनई दिल्ली
_bमंजुली प्रकाशन
_c1998
270 _a1/67, आर.के. पुरम
_bनई दिल्ली
_e110022
300 _a87पृ.
_c21सेमी (सजिल्द)
650 _aहिन्दी साहित्य
_953118
650 _aहिन्दी उपन्यास
_953119
650 _aHindi - literature
_953120
650 _aHindi novel
_953121
942 _2ddc
_cHN
_h
_mश्रीवास्त
999 _c113629
_d113629